Reforma systému sociálneho poistenia v Slovenskej republike rozhodujúci zákon do budúcnosti

Transformačný proces sociálneho zabezpečenia. Subsystémy systému sociálneho zabezpečenia: sociálne poistenie, štátna sociálna podpora a sociálna pomoc. Schválenie zákona o sociálnom poistení. Tri podsystémy sociálneho poistenia: nemocenské, dôchodkové a úrazové poistenie. Zásadné zmeny: prevzatie vý...

Descrizione completa

Salvato in:
Dettagli Bibliografici
Autore principale: Macháčová, Katarína
Altri autori: Rybovičová, Ružena
Natura: Capitolo di libro
Lingua:slovacco
Soggetti:
Tags: Aggiungi Tag
Nessun Tag, puoi essere il primo ad aggiungerne!!

MARC

LEADER 00000naa a2200000 4500
001 r045872
005 20230925072806.8
041 0 |a slo 
044 |a SK 
245 1 0 |a Reforma systému sociálneho poistenia v Slovenskej republike  |b rozhodujúci zákon do budúcnosti  |c Katarína Macháčová, Ružena Rybovičová 
520 |a Transformačný proces sociálneho zabezpečenia. Subsystémy systému sociálneho zabezpečenia: sociálne poistenie, štátna sociálna podpora a sociálna pomoc. Schválenie zákona o sociálnom poistení. Tri podsystémy sociálneho poistenia: nemocenské, dôchodkové a úrazové poistenie. Zásadné zmeny: prevzatie výkonu nemocenského poistenia od zamestnávateľov, vecný rozsah dávok dôchodkového poistenia, zjednocovanie dôchodkového veku mužov a žien, začlenenie úrazového poistenia do systému sociálneho poistenia. 
610 2 0 |a poistenie sociálne 
610 2 0 |a reformy sociálne 
610 2 0 |a systémy sociálne 
610 2 0 |a pomoc sociálna 
610 2 0 |a podpory 
610 2 0 |a poistenie dôchodkové 
610 2 0 |a poistenie nemocenské 
610 2 0 |a poistenie úrazové 
610 2 0 |a dávky sociálne 
610 2 0 |a Slovensko 
100 1 |a Macháčová, Katarína 
700 1 |a Rybovičová, Ružena